000 01025nam a22003017a 4500
003 PE SENCICO BE
005 20251020182633.0
008 230306b |||||||| |||| 00| 0 eng d
020 _a978-1466328487
040 _aPE SENCICO BE
_cPE SENCICO BE
041 _aspa
082 _a624.1
_bS85
100 1 _9740
_aSuárez, Luis E.
245 1 _aAnálisis de estructuras con cargas dinámicas /
_cLuis E. Suárez
250 _a[1a ed.]
260 _aMayaguez [Puerto Rico] :
_bDemand Publishing LLC,
_c2014
300 _a2 tomos :
_bdiagrs.,
_c28 cm.
505 3 _aTomo 1: Sistemas de un grado de libertad -- Tomo 2: Sistemas de múltiples grados de libertad
650 1 4 _916
_aDiseño de estructuras
650 2 4 _9179
_aIngeniería de estructuras
650 2 4 _9741
_aAnálisis de estructuras
650 2 4 _9737
_aEjercicios
650 2 4 _9571
_aVigas
650 2 4 _9742
_aSistemas estructurales
650 2 4 _9743
_aCargas dinámicas
910 _bhfp
_chfp
942 _2ddc
_cLIB
_h624.1
_iS85
999 _c4040
_d4040